Využitie lignínu v polymérnych zmesiach

Salvato in:
Dettagli Bibliografici
Autore principale: Martiš, Pavol (Autore)
Natura: Manoscritto Libro
Lingua:slovacco
Pubblicazione: Bratislava : STU v Bratislave ChtF, 1999
Edizione:Obháj.: 7.6.1999
Tags: Aggiungi Tag
Nessun Tag, puoi essere il primo ad aggiungerne!!

MARC

LEADER 00000ntm a22000003a 4500
001 stu50008
005 20150617225709.1
008 990625s1999------------------------slo-d
040 |a STU  |b slo 
041 0 |a slo 
100 1 |a Martiš, Pavol  |4 aut 
245 1 |a Využitie lignínu v polymérnych zmesiach 
250 |a Obháj.: 7.6.1999 
260 |a Bratislava :  |b STU v Bratislave ChtF,  |c 1999 
300 |a 49 s 
500 |a Obr.,tab.,grafy,lit.Zameranie: Plasty a kaučuk 
996 |b 284C008383  |c C*D12760  |l CCI  |s A  |a 24  |w stu50008_0001